Families, children and the development of dysfunction /

Dadds examines the ways in which family plays a central role in the health and dysfunction of the child, beginning with the historical underpinnings of the study of the family's relation to child development and dysfunction. He then details issues related to identification, assessment, and trea...

Full description

Bibliographic Details
Main Author: Dadds, Mark R.
Corporate Author: Sage Publications
Format: eBook
Language:English
Published: Thousand Oaks, Calif. ; London : SAGE, c1995.
Series:Developmental clinical psychology and psychaitry series ; v. 32.
Subjects:
Online Access:Connect to the full text of this electronic book

MARC

Tag First Indicator Second Indicator Subfields
LEADER 00000nam a2200000 a 4500
001 in00004754875
006 m|||||o||d||||||||
007 cr |||||||||||
008 130912s1995 enk fo| 000|0|eng d
005 20231120173635.0
020 |a 9781483345260 (ebook) :  |c No price 
035 |a (OCoLC)811403146 
035 |a (StDuBDS)EDZ0000159490 
040 |a StDuBDS  |b eng  |c StDuBDS  |e pn 
050 0 |a RJ507.P35  |b D33 1995 
082 0 4 |a 618.9289  |2 23 
100 1 |a Dadds, Mark R. 
245 1 0 |a Families, children and the development of dysfunction /  |c Mark R. Dadds. 
260 |a Thousand Oaks, Calif. ;  |a London :  |b SAGE,  |c c1995. 
300 |a 1 online resource (xii, 119 pages). 
336 |a text  |b txt  |2 rdacontent 
337 |a computer  |b c  |2 rdamedia 
338 |a online resource  |b cr  |2 rdacarrier 
490 1 |a Developmental clinical psychology and psychaitry series ;  |v v. 32 
520 8 |a Dadds examines the ways in which family plays a central role in the health and dysfunction of the child, beginning with the historical underpinnings of the study of the family's relation to child development and dysfunction. He then details issues related to identification, assessment, and treatment. 
521 |a Specialized. 
588 |a Description based on print version record. 
650 0 |a Mentally ill children  |x Family relationships. 
650 0 |a Parental influences. 
655 7 |a Electronic books.  |2 local 
710 2 |a Sage Publications. 
776 0 8 |i Print version :  |z 9780803951921 
830 0 |a Developmental clinical psychology and psychaitry series ;  |v v. 32. 
856 4 0 |u http://proxy.library.tamu.edu/login?url=https://sk.sagepub.com/books/families-children-and-the-development-of-dysfunction  |z Connect to the full text of this electronic book  |t 0 
955 |a SAGE Knowledge 
999 f f |s d8eda9e8-cad9-431d-8641-3e41a348afcc  |i c8c08820-2b6c-42b5-9563-916c25449a39  |t 0 
952 f f |a Texas A&M University  |b College Station  |c Electronic Resources  |d Available Online  |t 0  |e RJ507.P35 D33 1995  |h Library of Congress classification 
998 f f |a RJ507.P35 D33 1995  |t 0  |l Available Online